Представление документа в формате RUSMARC

ПолеНазваниеЗначение
  Тип записи a
  Библиографический уровень m
001 Контрольный номер RU/SLIB/B/208710412
005 Дата корректировки 20240624164215.2
010 Индекс ISBN __
a ISBN 5-7370-0260-8
d Цена 540-00; 150-00
100 Данные общей обработки __
a Данные общей обработки 20240624d1991 m y0rusy028902 ca
101 Язык документа 0_
a Язык текста rus
102 Страна публикации __
a Страна публикации RU
105 Кодированные данные (монография) __
a Кодированные данные (монография) a z 000yy
181 Поле кодированных данных: вид содержания _0
a Код вида содержания (ISBD) i
182 Поле кодированных данных: тип средства _0
a Код типа средства (ISBD) n
200 Заглавие и сведения об ответственности 1_
a Заглавие Пушкинский Петербург
e Сведения, относящиеся к заглавию альбом
f Первые сведения об ответственности [авт.-сост. А. М. Гордин ; науч. ред. акад. М. П. Алексеев]
200 Заглавие и сведения об ответственности 1_
d Параллельное заглавие Pushkin s St.Petersburg
203 Вид содержания и тип средства __
a Вид содержания Текст
c Тип средства непосредственный
205 Сведения об издании __
a Основные сведения об издании 2-е изд., доп.
210 Выходные данные 1_
a Место издания СПб.
c Издательство Художник РСФСР
d Дата издания 1991
215 Физическое описание __
a Объем 316 с.
c Иллюстрации/тип воспроизводства ил.
300 Общие примечания __
a Общие примечания Кн. с экслибрисом С. А. Лагерева
300 Общие примечания __
a Общие примечания Пушкиниана
320 Библиография __
a Библиография Библиогр.: с. 94-106
600 Персоналии _1
a Персоналии (Фамилия) Вяземский, П. А.
c Дополнение к имени поэт русский
f Даты 1792-1878
g Полное имя Петр Андреевич
2 Код системы nlr_sh
600 Персоналии _1
a Персоналии (Фамилия) Глинка, Ф. Н.
c Дополнение к имени поэт русский
f Даты 1786-1880
g Полное имя Федор Николаевич
2 Код системы nlr_sh
600 Персоналии _1
a Персоналии (Фамилия) Грибоедов, А. С.
c Дополнение к имени писатель русский
f Даты 1795-1829
g Полное имя Александр Сергеевич
2 Код системы nlr_sh
600 Персоналии _1
a Персоналии (Фамилия) Жуковский, В. А.
c Дополнение к имени поэт русский
f Даты 1783-1852
g Полное имя Василий Андреевич
2 Код системы nlr_sh
600 Персоналии _1
a Персоналии (Фамилия) Карамзин, Н. М.
c Дополнение к имени писатель русский
f Даты 1766-1826
g Полное имя Николай Михайлович
2 Код системы nlr_sh
600 Персоналии _1
a Персоналии (Фамилия) Пушкин, А. С.
c Дополнение к имени писатель русский
f Даты 1799-1837
g Полное имя Александр Сергеевич
2 Код системы nlr_sh
600 Персоналии _1
a Персоналии (Фамилия) Рылеев, К. Ф.
c Дополнение к имени поэт русский
f Даты 1795-1826
g Полное имя Кондратий Федорович
2 Код системы nlr_sh
600 Персоналии _1
a Персоналии (Фамилия) Керн, А.
2 Код системы nlr_sh
600 Персоналии _1
a Персоналии (Фамилия) Садовников, В. С.
c Дополнение к имени график русский
f Даты 1800-1879
g Полное имя Василий Семенович
2 Код системы nlr_sh
600 Персоналии _1
a Персоналии (Фамилия) Чернецов, Н. Г.
c Дополнение к имени живописец русский
f Даты 1805-1879
g Полное имя Никанор Григорьевич
2 Код системы nlr_sh
600 Персоналии _1
a Персоналии (Фамилия) Михайлов, Г.
2 Код системы nlr_sh
600 Персоналии _1
a Персоналии (Фамилия) Венецианов, А. Г.
c Дополнение к имени живописец русский
f Даты 1780-1847
g Полное имя Алексей Гаврилович
2 Код системы nlr_sh
600 Персоналии _1
a Персоналии (Фамилия) Воробьев, М. Н.
c Дополнение к имени живописец русский
f Даты 1787-1955
g Полное имя Максим Никифорович
2 Код системы nlr_sh
600 Персоналии _1
a Персоналии (Фамилия) Кюхельбекер, В. К.
c Дополнение к имени поэт русский
f Даты 1797-1846
g Полное имя Вильгельм Карлович
2 Код системы nlr_sh
606 Тематические рубрики __
a Основная рубрика Изобразительное искусство и архитектура
2 Код системы nlr_sh
606 Тематические рубрики __
a Основная рубрика Живопись в целом
2 Код системы nlr_sh
606 Тематические рубрики __
a Основная рубрика Литературоведение
2 Код системы nlr_sh
606 Тематические рубрики __
a Основная рубрика Русская литература XIX в.
z Хронологическая подрубрика 19 в.
y Географическая подрубрика Россия; Санкт-Петербург
2 Код системы nlr_sh
610 Ключевые слова 0_
a Ключевые слова писатели; поэты; персоналии; история городов; архитектура; биографии; декабристы; живописцы; художники; творческая деятельность; петербургские усадьбы; петербургские улицы; петербургские набережные; петербургская архитектура; тема города
686 Индексы других классификаций __
2 Код системы rubbks
a Классификационный индекс 85.143(2)1я6
686 Индексы других классификаций __
a Классификационный индекс 83.3(2Рос=Рус)1-8; ст85.143(2)1я6 + ст83.3(2Рос=Рус)1
2 Код системы rubbks
702 Вторичная интеллектуальная ответственность _1
a Фамилия Гордин
b Имя А. М.
4 Код отношения 070
4 Код отношения 220
702 Вторичная интеллектуальная ответственность _1
a Фамилия Алексеев
b Имя М. П.
4 Код отношения 340
801 Источник записи _0
a Страна RU
b Организация Муниципальное бюджетное учреждение культуры "Централизованная библиотечная система" г. Сургут (Центральная городская библиотека им. А. С. Пушкина)
g Правила каталогизации PSBO
c Дата составления 19980930
801 Источник записи _1
a Страна RU
b Организация Муниципальное бюджетное учреждение культуры "Централизованная библиотечная система" г. Сургут (Центральная городская библиотека им. А. С. Пушкина)
g Правила каталогизации PSBO
c Дата составления 19980930
852 Данные о местонахождении __
j Шифр хранения 85.143(2)1я6
c Каталожный индекс 85.143(2)1я6; 83.3(2Рос=Рус)1-8
i Авторский знак П 91
p Инвентарный номер 69688; 45946
901 Тип документа __
t Тип документа m
a Ответственный ОБ/Котельникова; КиК/Елгина
901 Тип документа __
a Ответственный СКБР2024
903 Характеристики (МАРС) __
a Дата передачи 20120321; 19980930
c Наименование библиотеки (МАРС) Муниципальное бюджетное учреждение культуры "Централизованная библиотечная система" г. Сургут (Центральная городская библиотека им. А. С. Пушкина)
969 Тип издания __
a Тип издания альбом
990 Данные о заказе (DOS) 00
j Количество экземпляров (DOS) 1; 1; 1
t N записи в КСУ для И/У (DOS) 201204; 199808